Premier League All Time Yellow Cards Quiz - Statistics

General Stats
  • This quiz has been taken 5 times
  • The average score is 2 of 10
Answer Stats
# of Yellow Cards Player % Correct
97 Paul Scholes
75%
123 Gareth Barry
50%
102 Wayne Rooney
50%
91 Ashley Young
25%
85 Lee Cattermole
25%
99 Kevin Davies
0%
85 Kevin Nolan
0%
99 Lee Bowyer
0%
88 Robbie Savage
0%
92 Scott Parker
0%
No matching quizzes found
Score Distribution
Percent of People with Each Score
Percentile by Number Answered
Your Score History
You have not taken this quiz